000 00589cam a2200217ua 4500
020 _a81-204-0552-8
_c125.00
041 _aeng
_h
082 _a631.45
_bGUR/MA
100 _aGurmel , Singh .
245 _aManual of soil and water conservation practices /
_cGurmel Singh.
_hTextual Documents
250 _a1 /
_b.
260 _aNew Delhi :
_bOxford & IBH Publishing company ,
_c1991.
300 _a379 ; .
365 _a125.00
504 _a
700 1 _aJoshi, B P .
700 1 _aSastry, G .
700 1 _aVenkataramanan, C .
942 _cBK
999 _c9142
_d9142